Statistiques concernant Géographie contenant chaque lettre A-Z

Cliquez ici pour prendre le quiz!

Statistiques générales

  • Ce quiz a été pris 23 756 fois
  • Le résultat moyen est 276 sur 473

Statistiques - réponses

InitialeContient# PossibleExempleGéographie% Correct
AA41Alger
98%
AE27Alger
98%
AN21Andorre-la-Vieille
96%
BB45Buenos Aires
96%
FE4Freetown
95%
FF6Freetown
95%
FN5Freetown
95%
BI25Buenos Aires
95%
BE29Buenos Aires
95%
AR24Alger
95%
CC31Canberra
95%
AI22Andorre-la-Vieille
95%
AL10Alger
95%
FA3Funafuti
94%
EE14Erevan
94%
AG9Alger
94%
RR16Roseau
93%
MM45Manama
93%
PP33Porto-Novo
93%
BL16Bruxelles
93%
ES7Émirats Arabes Unis
92%
II15Islamabad
92%
PA24Praia
92%
CE22Canberra
92%
BR25Buenos Aires
92%
RE12Roseau
92%
EN8Erevan
92%
IE12Îles Marshall
91%
RI11Reykjavik
91%
CA18Canberra
91%
EA7Erevan
91%
SS47Saint John's
91%
MA34Manama
91%
RU9Roseau
91%
TT28Tirana
90%
AT13Athènes
90%
CN11Canberra
90%
SE31Sucre
90%
RA11Roseau
90%
LL33Luanda
90%
ET10Égypte
90%
BU17Buenos Aires
90%
PR20Porto-Novo
90%
IA10Islamabad
89%
GG20Gaborone
89%
MI22Minsk
89%
FR3Freetown
89%
JJ6Jakarta
89%
JA6Jakarta
89%
MO22Moroni
89%
BS18Buenos Aires
89%
RN8République Centrafricaine
89%
LE25La Havane
89%
ME27Maseru
88%
IL9Islamabad
88%
EI7Émirats Arabes Unis
88%
DD17Dacca
88%
SI28Saint John's
88%
AS14Asmara
88%
NN20Nassau
88%
RO8Roseau
88%
CO16Copenhague
88%
CR21Canberra
87%
CI9Chișinău
87%
MR16Moroni
87%
TI18Tirana
87%
PS14Paris
87%
RM6Rome
87%
NE12Ndjamena
86%
AD13Andorre-la-Vieille
86%
PO18Porto-Novo
86%
MC11Mexico
86%
FC1France
86%
TN16Tirana
86%
DN5Dublin
86%
LI16Le Caire
86%
BA28Buenos Aires
86%
GE16Gaborone
86%
TE13Tegucigalpa
85%
DM5Damas
85%
SA36Saint John's
85%
VV18Vienne
85%
CD9Cambodge
85%
BG11Bridgetown
85%
BN22Buenos Aires
85%
SU14Sucre
85%
PU9Prague
85%
AU11Abuja
85%
LA17Luanda
85%
EP3Égypte
85%
LO17Luxembourg
85%
PG8Prague
85%
DA8Dacca
85%
LN14Luanda
85%
DE6Douchanbé
85%
HH19Helsinki
84%
ZA3Zagreb
84%
PI18Praia
84%
ZB3Zagreb
84%
PL11Port-Louis
84%
ZE3Zagreb
84%
IN9Îles Salomon
84%
VN11Vienne
84%
KK17Kaboul
84%
ZZ3Zagreb
84%
DR5Dakar
84%
AM6Asmara
84%
AB9Addis-Abeba
83%
CH8Copenhague
83%
NA13Nassau
83%
MN20Manama
83%
VA13Vientiane
83%
MU13Maseru
82%
BO16Buenos Aires
82%
SL14San Salvador
82%
SN27Saint John's
82%
SO28Saint John's
82%
TA19Tirana
82%
TU8Thimphou
82%
PN15Porto-Novo
82%
DK2Dakar
82%
ZM2Zambie
82%
ZI2Zambie
82%
VI10Vienne
82%
ID7Islamabad
82%
OO9Ouagadougou
81%
JO2Japon
81%
PE15Phnom Penh
81%
PT12Porto-Novo
81%
JN2Japon
81%
GA14Gaborone
80%
HN12Helsinki
80%
EU5Émirats Arabes Unis
80%
NR9Nairobi
79%
IR8Îles Marshall
79%
LU8Luanda
79%
ML13Malabo
79%
KA11Kaboul
79%
HR11Honiara
79%
UA2Ukraine
79%
UR2Ukraine
79%
UU2Ukraine
79%
EG2Égypte
79%
HO9Honiara
78%
HI10Helsinki
78%
OA6Ouagadougou
78%
LB8Libreville
78%
IS7Islamabad
78%
FI4Funafuti
78%
SR22Sucre
78%
VE11Vienne
78%
GR9Gaborone
78%
MD7Mogadiscio
77%
YY6Yaoundé
77%
YN5Yaoundé
77%
KN7Kinshasa
77%
YE5Yaoundé
77%
LT10La Valette
77%
TR11Tirana
77%
ON5Oulan-Bator
76%
FD2Fidji
76%
TS6Tbilissi
76%
CU8Copenhague
76%
GN11Gaborone
76%
AO9Andorre-la-Vieille
75%
SD9Saint-Domingue
75%
LS7Lisbonne
75%
GO7Gaborone
75%
NI10Naypyidaw
75%
NO7Nicosie
75%
AH6Athènes
75%
LR13Le Caire
75%
CM6Cambodge
74%
CB4Canberra
74%
YM2Yamoussoukro
74%
ZW1Zimbabwe
74%
JE3Jérusalem
74%
EO5Estonie
74%
GI7Gitega
74%
KT9Kingston
73%
AF2Afghanistan
73%
NG5Ngerulmud
73%
RD6Riyad
73%
QQ2Quito
73%
KS6Kinshasa
73%
HE14Helsinki
73%
QT2Quito
73%
QR1Qatar
72%
BH9Bichkek
72%
RB6Rabat
72%
QA1Qatar
72%
VT6Vientiane
72%
CS10Chișinău
71%
MS11Minsk
71%
JI2Jamaïque
71%
CT10Castries
71%
GU8Guatemala
71%
MT10Maputo
71%
RS2Roseau
70%
RT5Rabat
70%
FL1Finlande
70%
HA17Honiara
70%
NV3Norvège
70%
MQ3Mexique
70%
VU5Vaduz
69%
MG5Managua
69%
OU4Ouagadougou
69%
ER7Erevan
69%
PY7Pyongyang
68%
NL5New Delhi
68%
IT3Italie
68%
SM12Saint-Domingue
68%
RC5République Centrafricaine
67%
RL6République Centrafricaine
67%
SV9Sarajevo
67%
RP6République Centrafricaine
67%
RQ5République Centrafricaine
67%
CL4Chili
67%
NU7Nassau
67%
TO9Thimphou
67%
KH4Kinshasa
67%
OS3Oslo
66%
JP1Japon
66%
JR4Jakarta
66%
KE4Koweït
66%
BD9Bridgetown
65%
OT3Ottawa
65%
TD5Tadjikistan
65%
TK4Tokyo
65%
KI9Kinshasa
65%
UY1Uruguay
64%
HS8Helsinki
64%
UG1Uruguay
64%
KZ2Kazakhstan
64%
TL8Tallinn
64%
RY4Reykjavik
63%
EY2Égypte
63%
PK3Pékin
63%
VL5Vilnius
63%
ND6Naypyidaw
62%
HG2Hongrie
62%
DU8Djibouti
62%
BT10Bridgetown
61%
ST18Saint John's
61%
BV4Brazzaville
61%
KO8Kaboul
61%
JU3Jérusalem
61%
HU13Honduras
61%
SG7Santiago
60%
RG3Riga
60%
GL4Guatemala
59%
OB2Oulan-Bator
59%
DI5Djibouti
59%
VZ2Vaduz
59%
OE3Ouzbékistan
59%
MX2Mexico
59%
GB4Gaborone
58%
AC6Accra
58%
OI2Ouzbékistan
58%
LC4Le Caire
58%
LM4Luxembourg
58%
BQ1Belgique
58%
WI3Windhoek
57%
JM2Jérusalem
57%
DB6Djibouti
57%
WO3Windhoek
57%
WT2Wellington
57%
WG2Wellington
57%
WN3Windhoek
57%
WW3Windhoek
57%
VC4Victoria
57%
DO10Djibouti
56%
TQ1Turquie
55%
TH5Thimphou
55%
OK1Ouzbékistan
54%
AJ2Abuja
54%
TG5Tegucigalpa
54%
WH2Windhoek
54%
EH2Érythrée
54%
BM5Belmopan
54%
OZ1Ouzbékistan
54%
GT5Gitega
54%
SC7Sucre
54%
IO3Îles Salomon
54%
CP3Copenhague
54%
JD1Jordanie
54%
NB2Nairobi
53%
GM3Guatemala
53%
WS1Washington
53%
WA1Washington
53%
HT13Haïti
53%
KR4Kuala Lumpur
53%
LH4La Havane
53%
HD2Honduras
53%
LG4Luxembourg
52%
AZ1Azerbaïdjan
52%
AQ1Afrique du Sud
52%
UI1Ukraine
51%
UK1Ukraine
51%
UE1Ukraine
51%
UN1Ukraine
51%
BZ3Brazzaville
51%
TM3Thimphou
50%
NM4Ndjamena
50%
CG2Copenhague
49%
MV4Monrovia
49%
SP6Skopje
49%
SH5Saint John's
49%
NZ1Nouvelle-Zélande
49%
JQ1Jamaïque
49%
OM1Oman
49%
SY3Sri Jayawardenepura Kotte
48%
LX2Luxembourg
48%
LD3Luanda
47%
GD4Grenade
47%
SK4Skopje
47%
KV2Kiev
47%
KY1Kenya
46%
CV3Cap-Vert
46%
MB4Malabo
46%
RH2République Tchèque
46%
BK5Bakou
46%
PB3Port Moresby
46%
OD2Ouagadougou
46%
OG2Ouagadougou
46%
VM2Viêt Nam
46%
KG4Kingston
46%
TZ1Tanzanie
45%
RW1Rwanda
45%
GC1Grèce
45%
PM6Phnom Penh
44%
EM2Émirats Arabes Unis
44%
IK1Irak
44%
NC3Nicosie
44%
EQ1Équateur
43%
NP2Naypyidaw
43%
SQ1Slovaquie
43%
KW3Koweït
43%
TJ1Tadjikistan
42%
FJ1Fidji
42%
GH1Ghana
41%
OL2Oulan-Bator
40%
VS5Vilnius
40%
DJ3Djibouti
39%
HL4Helsinki
39%
CY2Conakry
39%
MZ1Mozambique
39%
GY2Guyana
39%
VR4Varsovie
38%
KB2Kaboul
38%
DT2Djibouti
38%
LP2La Paz
38%
TY1Tokyo
37%
SB1Serbie
37%
LY1Libye
37%
PH2Phnom Penh
37%
IM3Islamabad
36%
EW1Eswatini
35%
TV1Tuvalu
35%
TC3Tegucigalpa
35%
BW3Bridgetown
35%
BC3Bichkek
35%
PV3Porto-Novo
34%
YO3Yaoundé
34%
EB1Émirats Arabes Unis
34%
BX1Bruxelles
34%
VO4Varsovie
34%
DL2Dili
33%
TB3Tbilissi
33%
GS2Guinée-Bissau
33%
ZG1Zagreb
33%
ZR1Zagreb
33%
TW2Tarawa-Sud
32%
AV4Andorre-la-Vieille
31%
WE2Windhoek
31%
BF2Bloemfontein
31%
OW1Ottawa
31%
YS2Yamoussoukro
30%
KU4Kaboul
30%
HK1Helsinki
30%
GQ1Guinée Équatoriale
30%
AK1Ankara
29%
WL1Wellington
29%
FT3Freetown
28%
KL4Kaboul
28%
BP2Belmopan
28%
YA3Yaoundé
27%
DC2Dacca
27%
YU2Yaoundé
26%
JT1Jakarta
26%
VD4Vaduz
26%
DQ1Dominique
26%
MW1Malawi
26%
JK1Jakarta
26%
NH2New Delhi
25%
KM4Kuala Lumpur
25%
SJ5Saint John's
25%
PC3Port-au-Prince
24%
EF1États Fédérés de Micronésie
24%
RF1République Centrafricaine
24%
NW2Naypyidaw
24%
ED1États Fédérés de Micronésie
24%
IH1Îles Marshall
24%
OR2Oulan-Bator
24%
DS3Damas
24%
EC1États Fédérés de Micronésie
24%
PD4Podgorica
24%
LV3La Havane
23%
FS1Finistère
23%
YI1Yvelines
23%
YV1Yvelines
23%
YL1Yvelines
23%
RK1Reykjavik
22%
AP3Apia
22%
RJ1Reykjavik
22%
RV1Reykjavik
22%
MH3Manche
21%
JS1Jérusalem
21%
JL1Jérusalem
21%
YD1Yaoundé
21%
GP1Guadeloupe
21%
QU1Quito
21%
QO1Quito
21%
QI1Quito
21%
TP4Thimphou
20%
KP2Kuala Lumpur
20%
SF1Sofia
19%
MY2Mayenne
19%
YR2Yamoussoukro
19%
LZ2La Paz
18%
LJ1Ljubljana
17%
IB1Islamabad
17%
YK1Yamoussoukro
17%
DH2Doha
17%
HV2Haute-Savoie
15%
AY1Aveyron
15%
EV1Erevan
15%
MK1Minsk
15%
HP2Hautes-Alpes
14%
EL1Eure-et-Loir
14%
DG1Dordogne
14%
BY1Beyrouth
14%
NS2Nassau
13%
KD1Katmandou
13%
IV1Ille-et-Vilaine
13%
PQ1Pyrénées-Atlantiques
12%
CZ1Corrèze
12%
WK1Windhoek
11%
NY2Naypyidaw
11%
NK2Nouakchott
11%
WD1Windhoek
11%
LQ1Loire-Atlantique
11%
HC1Haute-Corse
11%
VG1Vosges
11%
TF1Territoire de Belfort
10%
DX1Deux-Sèvres
10%
DV1Deux-Sèvres
10%
GW1Georgetown
10%
NT1Nouakchott
9%
FO1Freetown
9%
MP1Maputo
9%
HY1Hautes-Pyrénées
9%
SW1Sri Jayawardenepura Kotte
9%
FW1Freetown
9%
BJ1Banjul
8%
FU1Funafuti
8%
NJ1Ndjamena
8%
LK1Lusaka
8%
HM1Haute-Marne
8%
LW1Lilongwe
7%
CK1Conakry
7%
MJ1Majuro
5%
NF1Nukuʻalofa
5%

Distribution des résultats

Percentile par nombre de réponses

% des personnes avec chaque résultat

Votre développement - résultats

Vous n’avez pas pris ce quiz